Hearing on pending benefits legislation : hearing before the Committee on Veterans' Affairs, United States Senate, One Hundred Tenth Congress, second session, May 7, 2008.

Bibliographic Details
Corporate Author: United States. Congress. Senate. Committee on Veterans' Affairs
Format: Government Document eBook
Language:English
Published: Washington : U.S. G.P.O., 2008.
Series:S. hrg. ; 110-675
Subjects:
Online Access:Text version:
PDF version:

MARC

Tag First Indicator Second Indicator Subfields
LEADER 00000cam a2200000 a 4500
001 in00002478708
005 20220106092922.0
006 m d f
007 cr bn|||||||||
008 090303s2008 dcu sb f000 0 eng c
035 |a (OCoLC)ocn311867290 
040 |a GPO  |c GPO  |d GPO  |d MvI  |d UtOrBLW 
042 |a pcc 
043 |a n-us--- 
049 |a WWW 
050 1 4 |a KF26  |b .V4 2008d 
074 |a 1046-A-03 (online) 
086 0 |a Y 4.V 64/4:S.HRG.110-675 
110 1 |a United States.  |b Congress.  |b Senate.  |b Committee on Veterans' Affairs. 
245 1 0 |a Hearing on pending benefits legislation :  |b hearing before the Committee on Veterans' Affairs, United States Senate, One Hundred Tenth Congress, second session, May 7, 2008. 
246 3 0 |a Pending benefits legislation 
264 1 |a Washington :  |b U.S. G.P.O.,  |c 2008. 
300 |a iv, 140 pages :  |b digital, PDF file. 
336 |a text  |b txt  |2 rdacontent 
337 |a computer  |b c  |2 rdamedia 
338 |a online resource  |b cr  |2 rdacarrier 
490 1 |a S. hrg. ;  |v 110-675 
538 |a Mode of access: Internet from the GPO Access web site. Addresses as of 3/3/09: http://frwebgate.access.gpo.gov/cgi-bin/getdoc.cgi?dbname=110%5Fsenate%5Fhearings&docid=f:42406.wais (text version); http://frwebgate.access.gpo.gov/cgi-bin/getdoc.cgi?dbname=110%5Fsenate%5Fhearings&docid=f:42406.pdf (PDF version) ; current access is available via PURLs. 
500 |a Title from title screen (viewed on Mar. 3, 2009). 
504 |a Includes bibliographical references. 
500 |a Electronic resource. 
650 0 |a Veterans  |x Legal status, laws, etc.  |z United States. 
650 0 |a Veterans  |x Services for  |z United States. 
776 0 |a United States. Congress. Senate. Committee on Veterans' Affairs.  |t Hearing on pending benefits legislation  |h iv, 140 p.  |w (OCoLC)303646410 
776 0 |a United States. Congress. Senate. Committee on Veterans' Affairs.  |t Hearing on pending benefits legislation  |h iv, 140 p.  |w (OCoLC)463256100 
810 1 |a United States.  |b Congress.  |b Senate.  |t S. hrg. ;  |v 110-675. 
856 4 0 |3 Text version:  |u https://purl.fdlp.gov/GPO/LPS109625  |t 0 
856 4 0 |3 PDF version:  |u https://purl.fdlp.gov/GPO/LPS109627  |t 0 
999 |a MARS 
999 f f |s 06d3e15a-5601-3597-a29d-e783af10488b  |i 33b88cea-c93f-3d22-9523-4ba3dda38f91  |t 0 
952 f f |a Texas A&M University  |b College Station  |c Electronic Resources  |d Available Online  |t 0  |e Y 4.V 64/4:S.HRG.110-675  |h Superintendent of Documents classification 
998 f f |a Y 4.V 64/4:S.HRG.110-675  |t 0  |l Available Online